Sports Quiz

Random Sports Quiz

FIFA QUIZ Stats

Quiz not verified by Sporcle

Challenge
Share
Tweet
Embed
Score 0/8 Timer 10:00
0 Plays Today
Question Answer Wrong Answers
Who is the head coach for Real Madrid Zinedine Zidane
89%
Luis Enrique
5.5%
Louis Vittion
3.7%
What is it called to do a cross leg kick? Rabona
80.7%
Nutmeg
5.5%
Trivela
3.7%
Chip Shot
9.2%
Who is the goalkeeper that is known to be the world's best? Manuel Neuer
78%
Iker Casillas
11%
Claudio Bravo
3.7%
Keylor Navas
5.5%
What name is the skill that you kick with the outer part of your foot and curves? Trivela
53.2%
Elastico
27.5%
Netmeg
7.3%
Rainbow Flick
11%
How did Ronaldo score his first career goal? Free Kick
49.5%
Penalty
15.6%
Fast Break
17.4%
Header
16.5%
How many officials are there in one match 3
38.5%
2
2.8%
4
39.4%
5
17.4%
How many goals did Ronaldo score in Manchester United? 18
36.7%
17
20.2%
19
30.3%
16
11%
Which club is the richest in La Liga? Manchester United
26.6%
Manchester City
0.9%
Real Madrid
52.3%
Barcelona
19.3%

You're not logged in!

Compare scores with friends on all Sporcle quizzes.
Join for Free
OR
Log In

You Might Also Like...

Show Comments

Extras

Created Apr 10, 2017ReportNominate
Tags:FIFA

Top Quizzes Today


Score Distribution

Your Account Isn't Verified!

In order to create a playlist on Sporcle, you need to verify the email address you used during registration. Go to your Sporcle Settings to finish the process.

Report this User

Report this user for behavior that violates our Community Guidelines.

Details: